- | Cities |
BE | Beijing, Beirut, Belém, Belgrade, Belo Horizonte, Bengaluru, Bengbu, Benin City, Benxi, Berlin | | 96.5% | LO | Lomé, London, Los Angeles, Louisville | | 94.5% | BA | Baghdad, Baku, Bamako, Bandar Lampung, Bandung, Bangkok, Bangui, Baoding, Baotou,Barcelona, Bareilly, Barquisimeto, Barranquilla, Basra, Batam | | 93.9% | MA | Ma'anshan, Maceió, Madrid, Madurai, Maiduguri, Makassar, Málaga, Malang, Managua, Manama, Manaus, Manchester, Mandalay, Manila, Mannheim, Maoming, Maputo, Maracaibo, Maracay, Marrakesh, Marseille, Mashhad | | 93.8% | SA | Sacramento, Salem, Salt Lake City, Salvador, Samara, Sana'a, San Antonio, San Diego, San Francisco, San José, San Juan, San Luis Potosí, San Salvador, Santa Cruz, Santiago, Santo Domingo, Samara, Sapporo | | 93.6% | CA | Cairo, Calgary, Cali, Campinas, Cangnan, Cape Town, Caracas, Cartagena, Casablanca | | 93.4% | MO | Mogadishu, Mombasa, Monrovia, Monterrey, Montevideo, Montréal, Moradabad, Moscow, Mosul | | 92.6% | CH | Chandigarh, Changchun, Changcha, Changshu, Changwon, Changzhou, Charlotte, Chelyabinsk, Chengdu, Chennai, Chicago, Chifeng, Chittagong, Chongqing | | 92.4% | TO | Tokyo, Toluca, Toronto, Torreón | | 92.2% | WA | Wanzhou, Warsaw, Washington | | 91.9% | BR | Brasília, Brazzaville, Brisbane, Brussels | | 91.7% | DA | Daegu, Daejeon, Dalian, Dallas, Dakar, Damascus, Dammam, Daqing, Dar es Salaam, Datong, Davao | | 91.6% | HA | Haikou, Hamamatsu, Hamburg, Handan, Hangchou, Hanoi, Harare, Harbin, Harrisburg, Hartford, Havana | | 91.5% | ME | Mecca, Medan, Medellín, Meerut, Melbourne, Memphis, Mendoza, Mérida, Mexicali, Mexico City | | 91.4% | MI | Miami, Mianyang, Milan, Milwaukee, Minneapolis, Minsk | | 91.1% | CO | Cochabamba, Coimbatore, Cologne, Colombo, Columbus, Conakry, Copenhagen, Córdoba, Cotonou | | 90.4% | PA | Palembang, Panama City, Paris, Patna | | 90.3% | AM | Amman, Amritsar, Amsterdam | | 90.2% | HO | Ho Chi Minh City, Hohhot, Hong Kong, Houston | | 90.1% | JA | Jabalpur, Jacksonville, Jaipur, Jakarta, Jalandhar, Jamshedpur | | 90% | LI | Lianyungang, Lille, Lilongwe, Lima, Linyi, Lisbon, Liuzhou, Liverpool | | 89.9% | PH | Philadelphia, Phnom Penh, Phoenix | | 89.6% | AT | Athens, Atlanta | | 89.5% | ST | St. Louis, Stockholm, Stockton, St Petersburg, Stuttgart | | 89.4% | KA | Kabul, Kaduna, Kaifeng, Kampala, Kano, Kanpur, Kansas City, Kaohsiung, Karachi, Kathmandu, Katowice, Kayseri, Kazan | | 89.1% | NE | Newcastle, New Orleans, New York | | 89.1% | DE | Delhi, Denpasar, Denver, Detroit | | 89% | BU | Bucaramanga, Bucharest, Budapest, Buenos Aires, Buffalo, Bursa, Busan | | 88.3% | LA | Lagos, Lahore, Lanzhou, La Paz, Las Vegas | | 88.1% | SE | Seattle, Semarang, Sendai, Seoul, Serang, Sevilla | | 88% | NA | Nagoya, Nagpur, Naha, Nairobi, Nanchang, Nanchong, Nanjing, Nanning, Nantong, Nanyang, Naples, Nashville, Nasik, Natal | | 87.7% | AN | Angeles, Ankara, Anshan, Antalya, Antananarivo, Antwerp | | 87.7% | MU | Multan, Mumbai, Munich, Muscat | | 87.5% | SH | Shanghai, Shantou, Sheffield, Shenyang, Shijiazhuang, Shiraz, Shizuoka | | 87% | DU | Dubai, Dublin, Durban | | 86.7% | AL | Aleppo, Alexandria, Algiers, Aligarh, Allahabad, Almaty | | 86.5% | RO | Rome, Rosario, Rostov-on-Don, Rotterdam | | 86.5% | AD | Adana, Addis Ababa, Adelaide | | 86% | BO | Bogotá, Boston | | 86% | IS | Isfahan, İstanbul | | 85.7% | KU | Kuala Lumpur, Kumamoto, Kumasi, Kunming, Kuwait City | | 85.5% | AB | Aba, Abidjan, Abu Dhabi, Abuja | | 85.4% | OS | Osaka, Oslo | | 85% | RI | Richmond, Rio de Janeiro, Riyadh, Rizhao | | 83.8% | TE | Tegucigalpa, Tehran, Tel Aviv, Teresina | | 83.5% | PO | Port-au-Prince, Port Elizabeth, Port Harcourt, Portland, Porto, Porto Alegre | | 83.3% | VA | Vadodara, Valencia, Valparaíso, Vancouver, Varanasi | | 83.1% | KI | Kiev, Kinshasa, Kirkuk, Kitakyushu | | 82.7% |
|
- | Cities |
AC | Accra | | 82.3% | AU | Auckland, Aurangabad, Austin | | 81.6% | GU | Guadalajara, Guangzhou, Guatemala City, Guayaquil, Guilin, Guiyang, Gujranwala, Guwahati | | 81.5% | FR | Frankfurt am Main, Freetown | | 80.7% | OK | Okayama, Oklahoma City | | 80.7% | JO | João Pessoa, Jodhpur, Johannesburg | | 79.8% | TA | Tai'an, Taichung, Tainan, Taipei, Taiyuan, Taizhou, Tampa, Tangshan, Tashkent | | 79.4% | DH | Dhaka, Dhanbad | | 78.9% | XI | Xi'an, Xiamen, Xiangtan, Xiangyang, Xingtai, Xining, Xinxiang | | 78.1% | VI | Vienna, Vijayawada, Virginia Beach, Vishakhapatnam, Vitória | | 78% | PY | Pyongyang | | 77.5% | QU | Querétaro, Quetta, Quito | | 75.2% | OT | Ottawa | | 74.7% | LU | Luanda, Lubumbashi, Lucknow, Ludhiana, Luoyang, Lusaka | | 73.4% | TU | Tunis, Turin | | 73.4% | HE | Hefei, Helsinki, Hengyang | | 73.3% | RA | Rabat, Rajkot, Raleigh, Ranchi, Rawalpindi | | 73.3% | SY | Sydney | | 73.2% | IN | Indianapolis, Indore | | 73% | WU | Wuhan, Wuhu, Wuxi | | 73% | DO | Doha, Donetsk, Douala | | 72.7% | KH | Kharkov, Khartoum, Khulna | | 72.4% | CI | Cincinnati, Ciudad Juárez, Cixi | | 71.9% | CL | Cleveland | | 71% | TB | Tbilisi | | 70.4% | AG | Agadir, Agra, Aguascalientes | | 69.8% | HY | Hyderabad | | 69.3% | GL | Glasgow | | 69.2% | SI | Singapore | | 68.6% | LY | Lyon | | 67.8% | YA | Yancheng, Yangzhou, Yantai, Yangon, Yaoundé | | 67.2% | PE | Pekanbaru, Perm, Perth, Peshawar | | 66% | YE | Yekaterinburg, Yerevan | | 65.9% | IZ | İzmir | | 65.4% | UL | Ulan Bator, Ulsan | | 64.8% | AS | Asansol, Ashgabat, Asunción | | 64.3% | OD | Odessa | | 64.1% | ED | Edmonton | | 63.9% | BI | Birmingham | | 63.2% | OU | Ouagadougou | | 63.2% | PR | Prague | | 61.2% | ZU | Zunyi, Zürich | | 60.7% | EL | El Paso | | 60.6% | PI | Pittsburgh | | 59.7% | UF | Ufa | | 59.2% | NI | Niamey, Ningbo, Nizhny Novgorod | | 58.7% | FU | Fuji, Fukuoka, Fuzhou | | 58.7% | AH | Ahmedabad, Ahvaz | | 58.5% |
|
- | Cities |
ND | N'Djamena | | 58.3% | OR | Oran, Orlando | | 57.9% | KO | Kochi, Kolkata, Konya, Kota | | 56.4% | OM | Omsk | | 56.4% | TI | Tianjin, Tijuana, Tiruchirappalli, Tirupur | | 56.3% | JE | Jeddah | | 56.2% | NO | Nottingham, Nouakchott, Novosibirsk | | 55.2% | PU | Puebla, Pune, Putian | | 54.1% | VO | Volgograd, Voronezh | | 53.7% | TR | Tripoli | | 53% | IB | Ibadan | | 51.3% | SU | Surakarta, Surabaya, Surat | | 50.2% | LE | Leeds, León | | 49.9% | FE | Fes | | 49.2% | QI | Qingdao, Qingyuan, Qinhuangdao, Qiqihar | | 48.8% | SO | Sofia, Southampton, Solapur | | 47.8% | FO | Fortaleza | | 47.6% | BH | Bhilai, Bhopal, Bhubaneswar | | 46.1% | DN | Dnipropetrovsk | | 45.4% | CU | Cuernavaca, Curitiba | | 44.8% | FA | Faisalabad | | 43.7% | RE | Recife | | 42.7% | JI | Jiangyin, Jiaozuo, Jilin, Jinan, Jinzhou | | 42.5% | CE | Cebu | | 42.2% | ZH | Zhangjiakou, Zhanjiang, Zhengzhou, Zhenjiang, Zhuhai, Zhuzhou | | 41.6% | RU | Ruhr | | 40.5% | HI | Hiroshima | | 38.9% | UR | Ürümqi | | 38% | QO | Qom | | 36.6% | MC | McAllen | | 35% | ZI | Zibo | | 32.6% | MY | Mysore | | 31.8% | GA | Gaza, Gaziantep | | 29.8% | NU | Nuremberg | | 29.6% | GE | George Town (Malaysia) | | 29.3% | GR | Greensboro | | 29% | ER | Erbil | | 28.8% | WE | Weifang, Wenzhou | | 27.9% | XU | Xuzhou | | 26% | MB | Mbuji-Mayi | | 26% | SR | Srinagar | | 25.7% | GO | Goiânia | | 24.7% | KR | Krasnoyarsk | | 22.7% | GW | Gwalior, Gwangju | | 21.8% | HU | Huai'an, Huaibei, Huainan, Hubli-Dharwar, Huizhou | | 17.4% | ON | Onitsha | | 15.4% | YO | Yogyakarta | | 13.9% | YI | Yinchang, Yinchuan, Yiwu | | 13% |
|
Comments